| 000 | 00000nam##2200000za#4500 |
| 001 | 9.662429 |
| 003 | CaOODSP |
| 005 | 20210615120539 |
| 007 | ta |
| 008 | 150407|2001||||xxc||||| f|0| 0 eng|d |
| 020 | |a0-662-65430-7 |
| 040 | |aCaOODSP|beng |
| 041 | |aeng |
| 041 | |afre |
| 043 | |an-cn--- |
| 086 | 1 |aCi51-99/2001 |
| 110 | 1 |aCanada. |bCitizenship and Immigration Canada. |
| 245 | 10|aServing Canada and the world |
| 260 | |aOttawa - Ontario : |bCitizenship and Immigration Canada |c2001. |
| 300 | |aEnglish text, 8p. : |billus. ; |c28 cm. |
| 546 | |aBilingual |
| 563 | |aSoftcover |
| 590 | |a02-02|b2002-01-11 |
| 690 | 07|aGovernment services|2gcpds |
| 690 | 07|aImmigration|2gcpds |
| 776 | 0#|tCitoyenneté et immigration Canada : |w(CaOODSP)9.639758 |
| 776 | 0#|tCitizenship and Immigration Canada : |w(CaOODSP)9.695626 |
| 792 | |tAu service du Canada et du monde |efre|w(CaOODSP)9.662430 |